LEADER 01951oam 2200517zu 450 001 996199449203316 005 20210807003349.0 035 $a(CKB)111026746722880 035 $a(SSID)ssj0000393608 035 $a(PQKBManifestationID)12163510 035 $a(PQKBTitleCode)TC0000393608 035 $a(PQKBWorkID)10372707 035 $a(PQKB)10136475 035 $a(EXLCZ)99111026746722880 100 $a20160829d1998 uy 101 0 $aeng 181 $ctxt 182 $cc 183 $acr 200 10$a1998 IEEE-APS Conference on Antennas and Propagation for Wireless Communications : 1-4 November, 1998, Waltham, Massachusetts 210 31$a[Place of publication not identified]$cIEEE$d1998 300 $aBibliographic Level Mode of Issuance: Monograph 311 $a0-7803-4955-5 606 $aAntennas (Electronics)$xCongresses 606 $aRadio$xAntennas$xCongresses 606 $aRadio wave propagation$xCongresses 606 $aWireless communication systems$xCongresses 606 $aElectrical Engineering$2HILCC 606 $aElectrical & Computer Engineering$2HILCC 606 $aEngineering & Applied Sciences$2HILCC 615 0$aAntennas (Electronics)$xCongresses 615 0$aRadio$xAntennas$xCongresses 615 0$aRadio wave propagation$xCongresses 615 0$aWireless communication systems$xCongresses 615 7$aElectrical Engineering 615 7$aElectrical & Computer Engineering 615 7$aEngineering & Applied Sciences 676 $a621.382/4 712 02$aIEEE Antennas and Propagation Society 712 02$aIEEE Boston Section 712 12$aIEEE-APS Conference on Antennas and Propagation for Wireless Communications 801 0$bPQKB 906 $aPROCEEDING 912 $a996199449203316 996 $a1998 IEEE-APS Conference on Antennas and Propagation for Wireless Communications : 1-4 November, 1998, Waltham, Massachusetts$92510309 997 $aUNISA